| 000 | 01208nac a22003617a 4500 | ||
|---|---|---|---|
| 001 | BR7803688 | ||
| 003 | BR-BrBNA | ||
| 005 | 20240105114238.0 | ||
| 008 | 230509b bl.|||m| |||| 00| 0 por d | ||
| 040 |
_aBR-BrBNA _bpor _cBiblioteca Nacional de Agricultura |
||
| 072 | _aE70; M00 | ||
| 090 | _aE70 BR7803688 | ||
| 110 | 1 |
_aPrograma de Pesquisa e Desenvolvimento Pesqueiro do Brasil, Brasilia, DF _97975 |
|
| 245 | 1 | _aBoletim do mercado pesqueiro. Dados estatisticos e informacoes gerais [Exportacao; Importacao; Preco; Norte; Nordeste; Sudeste; Sul; Centro Oeste; Brasil] | |
| 260 | 3 |
_aBrasilia, DF (Brasil): _cAug 1978. |
|
| 300 | _ap. 283-320 | ||
| 490 |
_aBoletim do Mercado Pesqueiro - Programa de Pesquisa e Desenvolvimento Pesqueiro do Brasil (Brazil) _vv. 10(8) _xISSN 0100-4166 |
||
| 500 | _aNumerical data | ||
| 650 | _aComercializacao | ||
| 650 | _aPesca | ||
| 650 | _aExportacao | ||
| 650 | _aImportacao | ||
| 650 | _aPreco | ||
| 650 | _aConsumo | ||
| 650 | _aMercado atacadista | ||
| 650 | _aNorte | ||
| 650 | _aNordeste | ||
| 650 | _aSudeste | ||
| 650 | _aSul | ||
| 650 | _aCentro-oeste | ||
| 909 |
_a202312 _bLúcia Elande _c55 _dLúcia Elande |
||
| 942 |
_2AGRIS _n0 _cMS |
||
| 999 |
_c268229 _d268229 |
||